<?xml version="1.0" encoding="UTF-8"?>
<record
    xmlns:xsi="http://www.w3.org/2001/XMLSchema-instance"
    xsi:schemaLocation="http://www.loc.gov/MARC21/slim http://www.loc.gov/standards/marcxml/schema/MARC21slim.xsd"
    xmlns="http://www.loc.gov/MARC21/slim">

  <leader>01758cam a2200505 a 4500</leader>
  <datafield tag="999" ind1=" " ind2=" ">
    <subfield code="c">23926</subfield>
    <subfield code="d">23926</subfield>
  </datafield>
  <controlfield tag="001">vtls011424019</controlfield>
  <controlfield tag="005">20250924110229.0</controlfield>
  <controlfield tag="008">171219s2015    xo oab g n    001 0 slo  </controlfield>
  <datafield tag="020" ind1=" " ind2=" ">
    <subfield code="a">9788080467302 (viaz.)</subfield>
  </datafield>
  <datafield tag="035" ind1=" " ind2=" ">
    <subfield code="a">44AA88C9-76A2-48BE-A9A2-21D9A739894D</subfield>
  </datafield>
  <datafield tag="035" ind1=" " ind2=" ">
    <subfield code="a">urn:nbn:sk:snk-amyc7n</subfield>
  </datafield>
  <datafield tag="035" ind1=" " ind2=" ">
    <subfield code="a">urn:nbn:sk:snk-am00cfu8</subfield>
  </datafield>
  <datafield tag="040" ind1=" " ind2=" ">
    <subfield code="a">PPPK</subfield>
    <subfield code="b">slo</subfield>
    <subfield code="c">PPPK</subfield>
    <subfield code="d">SNK</subfield>
    <subfield code="e">AACR2</subfield>
  </datafield>
  <datafield tag="041" ind1="0" ind2=" ">
    <subfield code="a">slo</subfield>
  </datafield>
  <datafield tag="044" ind1=" " ind2=" ">
    <subfield code="a">xo</subfield>
    <subfield code="c">SK</subfield>
  </datafield>
  <datafield tag="072" ind1=" " ind2="7">
    <subfield code="a">94(437)</subfield>
    <subfield code="x">Dejiny &#x10C;eska a Slovenska</subfield>
    <subfield code="2">konspekt</subfield>
  </datafield>
  <datafield tag="080" ind1=" " ind2=" ">
    <subfield code="a">94(437.6)</subfield>
    <subfield code="2">2011</subfield>
  </datafield>
  <datafield tag="080" ind1=" " ind2=" ">
    <subfield code="a">903</subfield>
    <subfield code="2">2011</subfield>
  </datafield>
  <datafield tag="080" ind1=" " ind2=" ">
    <subfield code="a">94"04/14"</subfield>
    <subfield code="2">2001</subfield>
  </datafield>
  <datafield tag="080" ind1=" " ind2=" ">
    <subfield code="a">94"15/..."</subfield>
    <subfield code="2">2001</subfield>
  </datafield>
  <datafield tag="080" ind1=" " ind2=" ">
    <subfield code="a">(048.8:082)</subfield>
    <subfield code="2">2011</subfield>
  </datafield>
  <datafield tag="245" ind1="0" ind2="0">
    <subfield code="a">Slovensk&#xE9; dejiny</subfield>
    <subfield code="b">od &#xFA;svitu po s&#xFA;&#x10D;asnos&#x165;</subfield>
    <subfield code="c">[Michal Habaj ... [et al.]]</subfield>
  </datafield>
  <datafield tag="250" ind1=" " ind2=" ">
    <subfield code="a">1. vyd.</subfield>
  </datafield>
  <datafield tag="260" ind1=" " ind2=" ">
    <subfield code="a">Bratislava</subfield>
    <subfield code="b">Perfekt</subfield>
    <subfield code="c">2015</subfield>
  </datafield>
  <datafield tag="300" ind1=" " ind2=" ">
    <subfield code="a">551 s.</subfield>
    <subfield code="b">faks., fotogr., ilustr., mp.</subfield>
    <subfield code="c">25 cm</subfield>
  </datafield>
  <datafield tag="500" ind1=" " ind2=" ">
    <subfield code="a">Chronologick&#xFD; preh&#x13E;ad</subfield>
  </datafield>
  <datafield tag="650" ind1="0" ind2="7">
    <subfield code="a">pravek</subfield>
    <subfield code="x">dejiny</subfield>
    <subfield code="2">SNKPH</subfield>
    <subfield code="9">4823</subfield>
  </datafield>
  <datafield tag="650" ind1="0" ind2="7">
    <subfield code="a">dejiny stredoveku</subfield>
    <subfield code="2">SNKPH</subfield>
    <subfield code="9">4824</subfield>
  </datafield>
  <datafield tag="650" ind1="0" ind2="7">
    <subfield code="a">novovek</subfield>
    <subfield code="x">dejiny</subfield>
    <subfield code="2">SNKPH</subfield>
    <subfield code="9">4825</subfield>
  </datafield>
  <datafield tag="650" ind1="0" ind2="7">
    <subfield code="a">Prehistory</subfield>
    <subfield code="2">SNKPHeng</subfield>
    <subfield code="9">4826</subfield>
  </datafield>
  <datafield tag="650" ind1="0" ind2="7">
    <subfield code="a">Middle Ages history</subfield>
    <subfield code="2">SNKPHeng</subfield>
    <subfield code="9">4827</subfield>
  </datafield>
  <datafield tag="650" ind1="0" ind2="7">
    <subfield code="a">Modern history</subfield>
    <subfield code="2">SNKPHeng</subfield>
    <subfield code="9">4828</subfield>
  </datafield>
  <datafield tag="651" ind1=" " ind2="7">
    <subfield code="a">Slovensko</subfield>
    <subfield code="x">dejiny</subfield>
    <subfield code="2">SNKPH</subfield>
    <subfield code="9">1981</subfield>
  </datafield>
  <datafield tag="655" ind1=" " ind2="7">
    <subfield code="a">Slovakia</subfield>
    <subfield code="x">history</subfield>
    <subfield code="2">SNKPHeng</subfield>
    <subfield code="9">4829</subfield>
  </datafield>
  <datafield tag="655" ind1=" " ind2="7">
    <subfield code="a">kolekt&#xED;vne monografie</subfield>
    <subfield code="2">SNKPH</subfield>
    <subfield code="9">2197</subfield>
  </datafield>
  <datafield tag="655" ind1=" " ind2="7">
    <subfield code="a">Collective monographs</subfield>
    <subfield code="2">SNKPHeng</subfield>
    <subfield code="9">2198</subfield>
  </datafield>
  <datafield tag="700" ind1="1" ind2=" ">
    <subfield code="a">Habaj, Michal,</subfield>
    <subfield code="d">1983-</subfield>
    <subfield code="4">aut</subfield>
    <subfield code="9">2958</subfield>
  </datafield>
  <datafield tag="700" ind1="1" ind2=" ">
    <subfield code="a">Luka&#x10D;ka, J&#xE1;n,</subfield>
    <subfield code="d">1952-</subfield>
    <subfield code="4">aut</subfield>
    <subfield code="9">4830</subfield>
  </datafield>
  <datafield tag="700" ind1="1" ind2=" ">
    <subfield code="a">Sege&#x161;, Vladim&#xED;r,</subfield>
    <subfield code="d">1950-</subfield>
    <subfield code="4">aut</subfield>
    <subfield code="9">4821</subfield>
  </datafield>
  <datafield tag="700" ind1="1" ind2=" ">
    <subfield code="a">Mrva, Ivan,</subfield>
    <subfield code="d">1954-</subfield>
    <subfield code="4">aut</subfield>
    <subfield code="9">2859</subfield>
  </datafield>
  <datafield tag="700" ind1="1" ind2=" ">
    <subfield code="a">Petransk&#xFD;, Ivan A.,</subfield>
    <subfield code="d">1976-</subfield>
    <subfield code="4">aut</subfield>
    <subfield code="9">4831</subfield>
  </datafield>
  <datafield tag="700" ind1="1" ind2=" ">
    <subfield code="a">Hrnko, Anton,</subfield>
    <subfield code="d">1955-</subfield>
    <subfield code="4">aut</subfield>
    <subfield code="9">4832</subfield>
  </datafield>
  <datafield tag="958" ind1=" " ind2=" ">
    <subfield code="a">NB</subfield>
  </datafield>
  <datafield tag="952" ind1=" " ind2=" ">
    <subfield code="0">0</subfield>
    <subfield code="1">0</subfield>
    <subfield code="2">udc</subfield>
    <subfield code="4">0</subfield>
    <subfield code="7">0</subfield>
    <subfield code="8">D</subfield>
    <subfield code="a">10000</subfield>
    <subfield code="b">10000</subfield>
    <subfield code="d">2025-09-24</subfield>
    <subfield code="i">22282</subfield>
    <subfield code="l">1</subfield>
    <subfield code="o">S1580</subfield>
    <subfield code="p">S1580</subfield>
    <subfield code="q">2026-06-14</subfield>
    <subfield code="r">2026-05-15</subfield>
    <subfield code="s">2026-05-15</subfield>
    <subfield code="w">2025-09-24</subfield>
    <subfield code="y">OLDO</subfield>
  </datafield>
</record>
